| 000 -NÁVESTIE |
| fixed length control field |
00605nam a2200193 a 4500 |
| 008 - ÚDAJE S PEVNOU DĹŽKOU – VŠEOBECNÉ INFORMÁCIE |
| fixed length control field |
960125s1973||||[C 0 slo c |
| 040 ## - ZDROJ KATALOGIZÁCIE |
| Pôvodná katalogizujúca agentúra |
SNK |
| Jazyk katalogizácie |
slo |
| Prepisujúca agentúra |
SNK |
| Konvencie popisu |
AACR2 |
| 041 1# - KÓD JAZYKA |
| Kód jazyka textu/zvukovej stopy alebo samostatných nápisov |
slo |
| 044 ## - KÓD KRAJINY VYDAVATEĽA/PRODUCENTA |
| Kód krajiny MARC |
xo |
| Kód krajiny ISO |
SK |
| 080 ## - ČÍSLO MEDZINÁRODNÉHO DESATINNÉHO TRIEDENIA (MDT) |
| Číslo Medzinárodného desatinného triedenia (MDT) |
808.2(023) |
| 020 ## - MEDZINÁRODNÉ ŠTANDARDNÉ ČÍSLO KNIHY (ISBN) |
| Údaje o dostupnosti |
13,50 |
| 100 1# - OSOBNÉ MENÁ – VŠEOBECNÉ INFORMÁCIE |
| Osobné meno |
Sundany, Arthur |
| Kód roly |
aut |
| 245 10 - NÁZOV |
| Názov |
Ruština do vrecka |
| Údaj o zodpovednosti atď. |
Arthur Sundany ; Podľa slov. štandard. textu Artura Sandanyho prel., uprav. a sov. reáliami dpol. Gerhard Baláž |
| 250 ## - ÚDAJ O PORADÍ VYDANIA |
| Údaj o poradí vydania |
1. vyd. |
| 260 ## - VYDAVATEĽSKÉ ÚDAJE, DISTRIBÚCIA ATĎ. |
| Miesto publikovania, distribúcie atď. |
Bratislava |
| Názov vydavateľa, distibútora atď. |
SPN |
| Dátum publikovania, distribúcie atď. |
1973 |
| Miesto výroby |
Prešov |
| Výrobca |
Dukelské tlač. |
| 300 ## - FYZICKÝ POPIS |
| Rozsah |
215, [7] s. |
| Rozmery |
8ř |
| 700 1# - PRIDANÝ VSTUP – OSOBNÉ MENO |
| Osobné meno |
Baláž, Gerhard |
| Kód roly |
adp |
| 958 ## - Formálny deskriptor |
| Formálny deskriptor |
A |